Dimensi pengurusan Islam : (Record no. 2999)

000 -LEADER
fixed length control field nam a22 a 4500
003 - CONTROL NUMBER IDENTIFIER
control field AKMAL
005 - DATE AND TIME OF LATEST TRANSACTION
control field 20170519085008.0
008 - FIXED-LENGTH DATA ELEMENTS--GENERAL INFORMATION
fixed length control field 170519s2006 my | e | 000 0 may d
020 ## - INTERNATIONAL STANDARD BOOK NUMBER
International Standard Book Number 9831003691 (kkt.) :
Terms of availability RM30.00
040 ## - CATALOGING SOURCE
Original cataloging agency AKMAL
082 04 - DEWEY DECIMAL CLASSIFICATION NUMBER
Classification number 658.1 DIM
Edition number 22
090 00 - LOCALLY ASSIGNED LC-TYPE CALL NUMBER (OCLC); LOCAL CALL NUMBER (RLIN)
Classification number (OCLC) (R) ; Classification number, CALL (RLIN) (NR) 658.1088297
Local cutter number (OCLC) ; Book number/undivided call number, CALL (RLIN) DIM
245 00 - TITLE STATEMENT
Title Dimensi pengurusan Islam :
Remainder of title mengurus kerja dan mengurus modal insan /
Statement of responsibility, etc. editor Ab. Mumin Ab. Ghani, Fadillah Mansor
260 ## - PUBLICATION, DISTRIBUTION, ETC.
Place of publication, distribution, etc. Kuala Lumpur :
Name of publisher, distributor, etc. Jabatan Penerbitan, Universiti Malaysia
Date of publication, distribution, etc. 2006
300 ## - PHYSICAL DESCRIPTION
Extent x, 205ms. ;
Dimensions 23cm.
500 ## - GENERAL NOTE
General note Mengandungi ayat-ayat dari Quran
650 20 - SUBJECT ADDED ENTRY--TOPICAL TERM
Topical term or geographic name entry element Human capital
General subdivision Management
9 (RLIN) 6269
650 10 - SUBJECT ADDED ENTRY--TOPICAL TERM
Topical term or geographic name entry element Management
General subdivision Religious aspects
-- Islam
9 (RLIN) 1905
650 20 - SUBJECT ADDED ENTRY--TOPICAL TERM
Topical term or geographic name entry element Organization
9 (RLIN) 2799
700 0# - ADDED ENTRY--PERSONAL NAME
Personal name Ab. Mumin Ab. Ghani
9 (RLIN) 6270
700 0# - ADDED ENTRY--PERSONAL NAME
Personal name Fadillah Mansor
9 (RLIN) 6271
942 ## - ADDED ENTRY ELEMENTS (KOHA)
Source of classification or shelving scheme
Koha item type Book
Holdings
Withdrawn status Lost status Source of classification or shelving scheme Damaged status Not for loan Collection code Home library Current library Shelving location Date acquired Inventory number Total Checkouts Full call number Barcode Date last seen Price effective from Koha item type
          NON-FICTION AKMAL Melaka AKMAL Melaka PINJAMAN 19.05.2017 602487   658.1 DIM 201703882 19.05.2017 19.05.2017 Book
Pusat Sumber Maklumat Dato' Haji Sarmin Md Hussin, Akademi Kastam Diraja Malaysia, Melaka
Tel: 06-2331106 | Faks: 06-2313787